| 000 | 00555nam a2200217Ia 4500 | ||
|---|---|---|---|
| 005 | 20230520103730.0 | ||
| 008 | 131103s9999 xx 000 0 und d | ||
| 020 | _aSBN 701202661 | ||
| 040 | _aLoreto College | ||
| 041 | _aEnglish | ||
| 082 |
_a823.91 _bWOO |
||
| 100 | _aWoolf,Virginia | ||
| 245 |
_aFlush _b a biography _cVirginia Woolf |
||
| 260 |
_aLondon _bThe Hogarth Press _c1968 p. |
||
| 300 | _a 19 cm. | ||
| 504 | _aIncludes notes | ||
| 650 | _aWoolf, Virginia- Biography | ||
| 651 | _aEnglish Fiction | ||
| 850 | _aLCLIB | ||
| 942 | _cBK | ||
| 999 |
_c5003 _d55482 |
||